Effect of border varieties in advanced yield trial of five early duration varieties at day eth-sre ampil agri-development center, 1996 and 1997 dry season ឥទ្ធិពលនៃការប្រគួតប្រជែងរវាងពូជក្នុងពិសោធន៍ជំរើសទិន្នផលស្រូវស្រាលចំនួនប្រាំពូជនៅមណ្ឌលអភិវឌ្ឍន៍ដីឥដ្ឋ-ស្រែអំពិលនារដូវប្រាំងឆ្នាំ១៩៩៦ និង១៩៩៧ (Record no. 360)
[ view plain ]
| 000 -LEADER | |
|---|---|
| fixed length control field | 00925nam a22001577a 4500 |
| 003 - CONTROL NUMBER IDENTIFIER | |
| control field | OSt |
| 005 - DATE AND TIME OF LATEST TRANSACTION | |
| control field | 20150913110424.0 |
| 008 - FIXED-LENGTH DATA ELEMENTS--GENERAL INFORMATION | |
| fixed length control field | 150913b xxu||||| |||| 00| 0 eng d |
| 040 ## - CATALOGING SOURCE | |
| Transcribing agency | RUA |
| 082 ## - DEWEY DECIMAL CLASSIFICATION NUMBER | |
| Classification number | AGR SUY 1997 B019 Or.1 |
| 100 ## - MAIN ENTRY--PERSONAL NAME | |
| 9 (RLIN) | 379 |
| Personal name | SUY, SOPHAL. |
| 245 ## - TITLE STATEMENT | |
| Title | Effect of border varieties in advanced yield trial of five early duration varieties at day eth-sre ampil agri-development center, 1996 and 1997 dry season ឥទ្ធិពលនៃការប្រគួតប្រជែងរវាងពូជក្នុងពិសោធន៍ជំរើសទិន្នផលស្រូវស្រាលចំនួនប្រាំពូជនៅមណ្ឌលអភិវឌ្ឍន៍ដីឥដ្ឋ-ស្រែអំពិលនារដូវប្រាំងឆ្នាំ១៩៩៦ និង១៩៩៧ |
| 260 ## - PUBLICATION, DISTRIBUTION, ETC. (IMPRINT) | |
| Place of publication, distribution, etc. | Phnom Penh |
| Name of publisher, distributor, etc. | RUA |
| Date of publication, distribution, etc. | 1997 |
| 300 ## - PHYSICAL DESCRIPTION | |
| Extent | 65p. |
| Other physical details | ill. |
| Dimensions | 29cm. |
| 942 ## - ADDED ENTRY ELEMENTS (KOHA) | |
| Source of classification or shelving scheme | |
| Koha item type | AGR |
| Price effective from | Date last seen | Permanent Location | Not for loan | Date acquired | Source of classification or shelving scheme | Koha item type | Barcode | Lost status | Damaged status | Shelving location | Withdrawn status | Current Location | Full call number |
|---|---|---|---|---|---|---|---|---|---|---|---|---|---|
| 2015-09-13 | 2015-09-13 | Library Block B | 2015-09-13 | AGR | RUA003464 | B019 | Library Block B | AGR SUY 1997 B019 Or.1 | |||||
| 2015-09-13 | 2015-09-13 | Library Block B | 2015-09-13 | AGR | RUA003536 | B019 | Library Block B | AGR SUY 1997 B019 Or.2 | |||||
| 2015-09-13 | 2015-09-13 | Library Block B | 2015-09-13 | AGR | RUA003175 | B019 | Library Block B | AGR SUY 1997 B019 Or.3 | |||||
| 2015-09-13 | 2015-09-13 | Library Block B | 2015-09-13 | AGR | RUA003247 | B019 | Library Block B | AGR SUY 1997 B019 Or.4 | |||||
| 2015-09-13 | 2015-09-13 | Library Block B | 2015-09-13 | AGR | RUA003320 | B019 | Library Block B | AGR SUY 1997 B019 Or.5 | |||||
| 2015-09-13 | 2015-09-13 | Library Block B | 2015-09-13 | AGR | RUA003248 | B019 | Library Block B | AGR SUY 1997 B019 Or.6 | |||||
| 2015-09-13 | 2015-09-13 | Library Block B | 2015-09-13 | AGR | RUA003176 | B019 | Library Block B | AGR SUY 1997 B019 Or.7 | |||||
| 2015-09-13 | 2015-09-13 | Library Block B | 2015-09-13 | AGR | RUA003104 | B019 | Library Block B | AGR SUY 1997 B019 Or.8 | |||||
| 2015-09-13 | 2015-09-13 | Library Block B | 2015-09-13 | AGR | RUA003177 | B019 | Library Block B | AGR SUY 1997 B019 Or.9 |